000 00429nam a2200145Ia 4500
003 OSt
005 20260122171229.0
008 211028s2015 xx 000 0 und d
040 _cAIMIT LIBRARY
041 _aeng
100 _aHaryson, Yahaswini; Harinakshi.
_g1316150
_97420
245 _aMarket survey in India for coke oven gas for haldor topsoe India pvt ltd /
260 _aMangalore
_bHarinakshi.
_c2015
942 _2ddc
_cPRO
999 _c218990
_d218990